Loading...
The psychology of media and politics
| Main Authors: | , |
|---|---|
| Format: | Printed Book |
| Published: |
Amsterdam,
Elsevier
2005
|
| Subjects: |
| LEADER | 00525nam a22001577a 4500 | ||
|---|---|---|---|
| 082 | |a 320.014 |b COM/P | ||
| 100 | |a Comstock, George | ||
| 100 | |a Scharrer, Erica | ||
| 245 | |a The psychology of media and politics | ||
| 260 | |a Amsterdam, |b Elsevier |c 2005 | ||
| 300 | |a xii.:316 | ||
| 650 | |a Early knowledge p3 | ||
| 650 | |a Press and Public p67 | ||
| 942 | |2 ddc |c BK | ||
| 999 | |c 147999 |d 147999 | ||
| 952 | |0 0 |1 0 |2 ddc |4 0 |6 320_014000000000000_COM_P |7 0 |9 157915 |a MCJ |b MCJ |c ST1 |d 2011-05-23 |i 2374 |l 0 |o 320.014 COM/P |p MCJ2374 |r 2016-08-20 |w 2014-06-21 |y BK | ||